00601nam a22001697a 450000500170000001000150001702000260003203500140005803700090007208200150008110000220009624500550011825000060017326000670017927001630024630000220040920260518111722.0 aENG-148495 a9789371361460c499.00 aEN-132027 bDBAD a658.40421 aJha, Kumar Neeraj aIntroduction Project Management/cKumar Neeraj Jha a1 aUttar pradeshbPearson India Education Service Pvt. Ltd.c2026 a15th Floor, Tower -B, World Trade Tower, PLot No.1, Block-C, Sector 16, NoidabNoida (Uttar pradesh)e201301k044-66540100mcompanysecretary.india@pearson.com a338p. :c24cm(pb)